000
00246nam a2200097Ia 4500
008
240331s9999 xx 000 0 und d
082
_b
WOM
100
_a
Logo. ed
245
0
_a
Woman's Subordination :
_b
Asian perspectives-Logos v,20, no.4
942
_c
L
999
_c
1888
_d
1888